| 000 | 02722cam a22007091 4500 | ||
|---|---|---|---|
| 082 |
_a526.3 _bCLA _cN-01,P-65 |
||
| 100 | 1 |
_aClark, David. _926814 |
|
| 245 | 1 | 0 |
_aPlane and geodetic surveying for engineers, _cby David Clark. |
| 250 | _a5th ed. | ||
| 260 |
_aLondon, _bConstable, _c1957 |
||
| 300 |
_axviii, 673p. _billus. _c22 cm. |
||
| 490 | 0 | _aThe Glasgow text books of civil engineering | |
| 500 | _aSeries title in part also at head of t.-p. | ||
| 526 |
_a0 _b0 _c0 _d526_300000000000000_CLA |
||
| 526 |
_a0 _b0 _c0 _d526_300000000000000_CLA |
||
| 526 |
_a0 _b0 _c0 _d526_300000000000000_CLA |
||
| 526 |
_a0 _b0 _c0 _d526_300000000000000_CLA |
||
| 526 |
_a0 _b0 _c0 _d526_300000000000000_CLA |
||
| 526 |
_a0 _b0 _c0 _d526_300000000000000_CLA |
||
| 526 |
_a0 _b0 _c0 _d526_300000000000000_CLA |
||
| 526 |
_a0 _b0 _c0 _d526_300000000000000_CLA |
||
| 526 |
_a0 _b0 _c0 _d526_300000000000000_CLA |
||
| 526 |
_a0 _b0 _c0 _d526_300000000000000_CLA |
||
| 526 |
_a0 _b0 _c0 _d526_300000000000000_CLA |
||
| 526 |
_a0 _b0 _c0 _d526_300000000000000_CLA |
||
| 526 |
_a0 _b0 _c0 _d526_300000000000000_CLA |
||
| 526 |
_a0 _b0 _c0 _d526_300000000000000_CLA |
||
| 526 |
_a0 _b0 _c0 _d526_300000000000000_CLA |
||
| 526 |
_a0 _b0 _c0 _d526_300000000000000_CLA |
||
| 526 |
_a0 _b0 _c0 _d526_300000000000000_CLA |
||
| 526 |
_a0 _b0 _c0 _d526_300000000000000_CLA |
||
| 526 |
_a0 _b0 _c0 _d526_300000000000000_CLA |
||
| 526 |
_a0 _b0 _c0 _d526_300000000000000_CLA |
||
| 526 |
_a0 _b0 _c0 _d526_300000000000000_CLA |
||
| 526 |
_a0 _b0 _c0 _d526_300000000000000_CLA |
||
| 526 |
_a0 _b0 _c0 _d526_300000000000000_CLA |
||
| 526 |
_a0 _b0 _c0 _d526_300000000000000_CLA |
||
| 526 |
_a0 _b0 _c0 _d526_300000000000000_CLA |
||
| 526 |
_a0 _b0 _c0 _d526_300000000000000_CLA |
||
| 526 |
_a0 _b0 _c0 _d526_300000000000000_CLA |
||
| 526 |
_a0 _b0 _c0 _d526_300000000000000_CLA |
||
| 526 |
_a0 _b0 _c0 _d526_300000000000000_CLA |
||
| 526 |
_a0 _b0 _c0 _d526_300000000000000_CLA |
||
| 526 |
_a0 _b0 _c0 _d526_300000000000000_CLA |
||
| 526 |
_a0 _b0 _c0 _d526_300000000000000_CLA |
||
| 526 |
_a0 _b0 _c0 _d526_300000000000000_CLA |
||
| 526 |
_a0 _b0 _c0 _d526_300000000000000_CLA |
||
| 526 |
_a0 _b0 _c0 _d526_300000000000000_CLA |
||
| 526 |
_a0 _b0 _c0 _d526_300000000000000_CLA |
||
| 526 |
_a0 _b0 _c0 _d526_300000000000000_CLA |
||
| 526 |
_a0 _b0 _c0 _d526_300000000000000_CLA |
||
| 526 |
_a0 _b0 _c0 _d526_300000000000000_CLA |
||
| 526 |
_a0 _b0 _c0 _d526_300000000000000_CLA |
||
| 526 |
_a0 _b0 _c0 _d526_300000000000000_CLA |
||
| 526 |
_a0 _b0 _c0 _d526_300000000000000_CLA |
||
| 526 |
_a0 _b0 _c0 _d526_300000000000000_CLA |
||
| 526 |
_a0 _b0 _c0 _d526_300000000000000_CLA |
||
| 526 |
_a0 _b0 _c0 _d526_300000000000000_CLA |
||
| 650 | 0 |
_aNUST _96342 |
|
| 650 | 0 | _aSurveying. | |
| 942 |
_2ddc _cBK |
||
| 999 |
_c544039 _d544039 |
||